Score 0/15 Timer 04:00
9 Plays Today
% Correct
Fast Food Nation
90.7%
The Way of the Gun
89.8%
Cinderella Ate My Daughter
87%
Black Flags
79.3%
Moneyball
78.4%
The Psychopath Test
77.4%
The People's Republic of Amnesia
76%
The Crime of All Crimes
75.4%
% Correct
Nickel and Dimed
68.4%
Confederates in the Attic
66.6%
The Second Civil War
64.6%
The Better Angels of Our Nature
59%
Detroit
53.6%
The Smartest Places on Earth
50.6%
Methland
48.7%
Remove Ads.
Support Sporcle.
Get the best of Sporcle when you Go Orange. This ad-free experience offers more features, more stats, and more fun while also helping to support Sporcle. Thank you for becoming a member.

You're not logged in!

Compare scores with friends on all Sporcle quizzes.
OR
Log In

Show Comments

Extras

Top Quizzes Today


Score Distribution

Your Account Isn't Verified!

In order to create a playlist on Sporcle, you need to verify the email address you used during registration. Go to your Sporcle Settings to finish the process.

Report this User

Report this user for behavior that violates our Community Guidelines.

Details: